Le Canada en images - Statistiques

Statistiques générales
  • Ce quiz a été pris 13 267 fois
    13 233 depuis la dernière actualisation
  • Le résultat moyen est 13 sur 18
Statistiques - réponses
Par images Hint Réponse % Correct
Sport Hockey sur glace
98%
Chanteuse Céline Dion
97%
Province Québec
97%
Animal Castor
93%
Arbre Érable à sucre
93%
Plat Poutine
92%
Cascade Chutes du Niagara
81%
Ville Montréal
80%
Peuples Inuits
70%
Homme politique Justin Trudeau
69%
Invention Motoneige
69%
Acteur Jim Carrey
61%
Ville Vancouver
57%
Période historique Ruée vers l'or
55%
Fleuve Saint-Laurent
49%
Phrase "Vive le Québec libre !"
35%
Edifice Tour CN
29%
Territoire Nunavut
25%
Aucun quiz correspondant
Distribution des résultats
% des personnes avec chaque résultat
Percentile par nombre de réponses
Votre historique - résultats
Vous n’avez pas pris ce quiz depuis la dernière actualisation